[Event "40th Olympiad Women"]
[Site "Istanbul TUR"]
[Date "2012.09.07"]
[Round "10.54"]
[Board "4"]
[White "Johnson, Gabriella"]
[Black "Cho, Yeonhee"]
[Result "0-1"]
[WhiteElo "1550"]
[BlackElo "1542"]
[WhiteTeam "Trinidad & Tobago"]
[BlackTeam "South Korea"]
[WhiteFideId "7701128"]
[BlackFideId "13201190"]
[EventDate "2012.08.28"]

1. e4 e5 2. d4 exd4 3. c3 dxc3 4. Nf3 Nc6 5. Bc4 Nf6 6. Ng5 d5 7. exd5 Ne5 8.
Bb5+ c6 9. Ba4 h6 10. Nf3 Bg4 11. Nxc3 Bb4 12. O-O O-O 13. Bf4 Nxf3+ 14. gxf3
Bh3 15. Re1 Nxd5 16. Nxd5 Bxe1 17. Nc7 Qf6 18. Nxa8 Qxf4 19. Qc1 Qxf3 20. Bxc6
Qxf2+ 21. Kh1 Qf1# 0-1

[Event "40th Olympiad Women"]
[Site "Istanbul TUR"]
[Date "2012.09.07"]
[Round "10.57"]
[Board "1"]
[White "Richards, Deborah"]
[Black "Rosalina, Sonia"]
[Result "1-0"]
[WhiteTitle "WFM"]
[WhiteElo "1997"]
[BlackElo "1797"]
[WhiteTeam "Jamaica"]
[BlackTeam "Angola"]
[WhiteFideId "7400446"]
[BlackFideId "10100164"]
[EventDate "2012.08.28"]

1. c4 e5 2. Nc3 Nc6 3. g3 Bc5 4. Bg2 Nge7 5. Nf3 d6 6. O-O a6 7. a3 Be6 8. d3 h6
9. b4 Ba7 10. b5 axb5 11. cxb5 Nd4 12. Nd2 Qc8 13. e3 Ndf5 14. Nc4 O-O 15. a4
Bxc4 16. dxc4 Rb8 17. a5 Qe6 18. Qb3 Nc8 19. Nd5 Bc5 20. Nxc7 Qe7 21. Nd5 Qd7
22. Qd3 Nfe7 23. Nc3 f5 24. Ba3 e4 25. Qd2 Qe6 26. Qe2 Rf6 27. Rfd1 Rg6 28. Bxc5
dxc5 29. Rd8+ Kh7 30. Rad1 Qe5 31. Nd5 Rd6 32. Nxe7 Rxd8 33. Rxd8 Nxe7 34. Rxb8
Qxb8 35. Qd2 Qc7 36. f3 exf3 37. Bxf3 Nc8 38. Qd5 Nd6 39. b6 Qe7 40. Qxc5 1-0

[Event "40th Olympiad Women"]
[Site "Istanbul TUR"]
[Date "2012.09.07"]
[Round "10.57"]
[Board "2"]
[White "Gabriel, Irineia G"]
[Black "Gray, Krishna"]
[Result "0-1"]
[WhiteElo "1492"]
[BlackElo "1728"]
[WhiteTeam "Angola"]
[BlackTeam "Jamaica"]
[WhiteFideId "10100776"]
[BlackFideId "7400659"]
[EventDate "2012.08.28"]

1. e4 e6 2. d4 d5 3. e5 c5 4. c3 Nc6 5. Nf3 Qb6 6. a3 Nh6 7. b4 cxd4 8. cxd4 Bd7
9. Nc3 Rc8 10. Na4 Qc7 11. Bd3 Nf5 12. Bxf5 exf5 13. O-O b6 14. Be3 h6 15. h4
Be7 16. Nc3 Be6 17. Nb5 Qd8 18. Qa4 Bd7 19. Qb3 Be6 20. Bf4 O-O 21. g3 Kh7 22.
Qd3 Rg8 23. Kg2 g5 24. hxg5 hxg5 25. Be3 Kg7 26. Rh1 Kf8 27. Rh7 f4 28. Bd2 Qd7
29. Rah1 Bf5 30. Qe2 Bxh7 31. Rxh7 Qf5 32. Rh6 g4 33. Bxf4 gxf3+ 34. Qxf3 Qe4
35. Qxe4 dxe4 36. Nc3 Nxd4 37. Nxe4 Nf5 38. Rh5 Ng7 39. Nf6 Bxf6 0-1

[Event "40th Olympiad Women"]
[Site "Istanbul TUR"]
[Date "2012.09.07"]
[Round "10.61"]
[Board "1"]
[White "Melnik, Galina"]
[Black "Madrigal, Ana Daniela"]
[Result "1-0"]
[WhiteTitle "WFM"]
[BlackTitle "WFM"]
[WhiteElo "1999"]
[BlackElo "2026"]
[WhiteTeam "IPCA"]
[BlackTeam "Nicaragua"]
[WhiteFideId "4121929"]
[BlackFideId "6101097"]
[EventDate "2012.08.28"]

1. d4 Nf6 2. Nf3 g6 3. c4 Bg7 4. g3 d6 5. Bg2 O-O 6. O-O Nbd7 7. Qc2 e5 8. Rd1
Qe7 9. e4 exd4 10. Nxd4 Nc5 11. Nc3 Bg4 12. f3 Bd7 13. Bg5 h6 14. Nd5 Qd8 15.
Nxf6+ Bxf6 16. Bxh6 Re8 17. Be3 Kg7 18. Rab1 a5 19. Ne2 Ne6 20. f4 Rh8 21. Nd4
Nc5 22. Nf3 Qe8 23. Ng5 Ne6 24. h4 Qc8 25. Kf2 Ra6 26. b3 c5 27. Nf3 Rh5 28. Rd2
Nc7 29. Rbd1 Ne8 30. Rd5 Rxd5 31. cxd5 a4 32. e5 Be7 33. Bc1 axb3 34. axb3 Bf5
35. Qc3 Kg8 36. Bb2 b5 37. Ra1 b4 38. Qc1 Ng7 39. Bf1 Rxa1 40. Qxa1 Nh5 41. Qa6
Qd8 42. Qc4 Qd7 43. Ng5 Qa7 44. Qa6 Qb8 45. Be2 Ng7 46. Nf3 Be4 47. Bc4 Qd8 48.
exd6 Bxd6 49. Ng5 Bf5 50. Qa7 Bd7 51. Ne4 Bxf4 52. Nf6+ Kh8 53. Qxd7 1-0

[Event "40th Olympiad Women"]
[Site "Istanbul TUR"]
[Date "2012.09.07"]
[Round "10.61"]
[Board "2"]
[White "Mendieta, Kathya"]
[Black "Zykina, Nadezhda"]
[Result "0-1"]
[WhiteTitle "WCM"]
[BlackTitle "WFM"]
[WhiteElo "1763"]
[BlackElo "2078"]
[WhiteTeam "Nicaragua"]
[BlackTeam "IPCA"]
[WhiteFideId "6101496"]
[BlackFideId "24150789"]
[EventDate "2012.08.28"]

1. e4 e5 2. Nf3 Nc6 3. Bc4 Bc5 4. c3 Qe7 5. O-O Bb6 6. d3 d6 7. b4 h6 8. a4 a6
9. Nbd2 Bg4 10. h3 Bh5 11. Qc2 g5 12. a5 Ba7 13. g4 Bg6 14. b5 Nd8 15. bxa6 bxa6
16. d4 h5 17. Kg2 hxg4 18. hxg4 Qd7 19. Nh2 exd4 20. cxd4 Bxd4 21. Bb2 Bxb2 22.
Qxb2 Rh7 23. Rae1 Ne6 24. Bxe6 fxe6 25. Ndf3 Qb5 26. Qc3 Kd7 27. Nd4 Qb7 28. f3
e5 29. Nc2 Ne7 30. Rf2 Rb8 31. Nf1 Qc6 32. Qa3 Qb5 33. Rd1 Bf7 34. Qc3 Ng6 35.
Kg1 Nf4 36. Qd2 Nh3+ 37. Kg2 Nxf2 38. Kxf2 Qc5+ 39. Nce3 Qa3 40. Kg3 Rb2 41. Qc1
Bb3 42. Re1 Qa2 43. Qa1 Rh1 44. Qxa2 Rxa2 45. Rb1 Be6 46. Rc1 Rxa5 47. Kg2 Rh8
48. Ng3 Ra2+ 49. Kg1 Rb8 50. Nh5 c5 51. Nf6+ Kc6 52. Nh7 Rab2 53. Nxg5 Rb1 54.
Rxb1 Rxb1+ 55. Kg2 Bg8 56. Nf5 Kd7 57. Nh3 a5 58. g5 a4 0-1

[Event "40th Olympiad Women"]
[Site "Istanbul TUR"]
[Date "2012.09.07"]
[Round "10.61"]
[Board "3"]
[White "Debowska, Teresa"]
[Black "Stojanovic, Marija R"]
[Result "1-0"]
[WhiteTitle "FM"]
[BlackTitle "WFM"]
[WhiteElo "1837"]
[BlackElo "2097"]
[WhiteTeam "IBCA"]
[BlackTeam "Montenegro"]
[WhiteFideId "1120816"]
[BlackFideId "931411"]
[EventDate "2012.08.28"]

1. d4 Nf6 2. c4 g6 3. Nc3 Bg7 4. e4 d6 5. Nf3 O-O 6. Be2 e5 7. O-O Nc6 8. d5 Ne7
9. Re1 Nd7 10. Qc2 f5 11. exf5 gxf5 12. Ng5 Nf6 13. Qb3 b6 14. f3 Ng6 15. Bd3
Qe7 16. Nb5 a6 17. Nd4 e4 18. Nc6 Qe8 19. Bd2 h6 20. fxe4 hxg5 21. exf5 Ne5 22.
Bxg5 Qh5 23. Bf4 Nxd3 24. Qxd3 Bd7 25. Ne7+ Kh7 26. Re3 Qg4 27. Rh3+ Nh5 28. f6+
Bf5 29. Nxf5 Bxf6 30. Ng3+ Qg6 31. Rxh5+ Kg7 32. Bh6+ Kf7 33. Qxg6+ Kxg6 34.
Bxf8 Rxf8 35. Rh3 Bxb2 36. Rf1 Bd4+ 37. Kh1 Rxf1+ 38. Nxf1 b5 39. cxb5 axb5 40.
Rf3 b4 41. Nd2 1-0

[Event "40th Olympiad Women"]
[Site "Istanbul TUR"]
[Date "2012.09.07"]
[Round "10.62"]
[Board "1"]
[White "Pustovoitova, Daria"]
[Black "Vojinovic, Jovana"]
[Result "0-1"]
[WhiteTitle "FM"]
[BlackTitle "WGM"]
[WhiteElo "2294"]
[BlackElo "2337"]
[WhiteTeam "IBCA"]
[BlackTeam "Montenegro"]
[WhiteFideId "4182146"]
[BlackFideId "937266"]
[EventDate "2012.08.28"]

1. Nf3 Nf6 2. c4 c5 3. g3 d6 4. Bg2 Nc6 5. Nc3 g6 6. d4 cxd4 7. Nxd4 Bd7 8. e3
Bg7 9. O-O h5 10. h3 Qc8 11. Kh2 Nh7 12. b3 Ng5 13. h4 Ne6 14. Nce2 g5 15. Bb2
Nexd4 16. Nxd4 Ne5 17. Qd2 gxh4 18. gxh4 Rg8 19. Rg1 Ng4+ 20. Kh1 Bf6 21. f3 Ne5
22. Rac1 Ng6 23. f4 Nxh4 24. Be4 Rg4 25. Nb5 Bc6 26. Bxc6+ Qxc6+ 27. Qd5 Bxb2
28. Rxg4 hxg4 29. Rc2 Rc8 30. Rxb2 Qxd5+ 31. cxd5 g3 32. Rb1 Rc5 33. Nd4 Rxd5
34. Rg1 Rxd4 35. exd4 g2+ 0-1

[Event "40th Olympiad Women"]
[Site "Istanbul TUR"]
[Date "2012.09.07"]
[Round "10.62"]
[Board "2"]
[White "Milovic, Aleksandra"]
[Black "Stolarczyk, Anna"]
[Result "1-0"]
[WhiteTitle "WFM"]
[BlackTitle "WCM"]
[WhiteElo "2181"]
[BlackElo "1994"]
[WhiteTeam "Montenegro"]
[BlackTeam "IBCA"]
[WhiteFideId "933988"]
[BlackFideId "1126423"]
[EventDate "2012.08.28"]

1. e4 c5 2. Nf3 d6 3. d4 cxd4 4. Nxd4 Nf6 5. Nc3 a6 6. Be3 e5 7. Nb3 Be6 8. f3
Be7 9. Qd2 O-O 10. O-O-O a5 11. Bb5 Na6 12. Qe2 Nc7 13. Nc5 Qc8 14. Nxe6 fxe6
15. g4 Nxb5 16. Qxb5 Kh8 17. Rd3 Qc6 18. Bg5 h6 19. h4 Kg8 20. Qb3 Kf7 21. Bxf6
gxf6 22. a4 Rad8 23. h5 Rd7 24. Rhd1 Rfd8 25. Qb5 Qa6 26. b3 Rc7 27. Qxa6 bxa6
28. Ne2 Rdc8 29. c3 Rc6 30. Kc2 R8c7 31. c4 Rc8 32. Ng3 R8c7 33. Nf1 Rc8 34. Ne3
R8c7 35. Ng2 Rc8 36. Kb2 R8c7 37. Rh1 Bf8 38. Nh4 Rb7 39. Ka2 Be7 40. Ng6 Bd8
41. Rf1 Rbb6 42. f4 exf4 43. Rxf4 Kg7 44. Rf1 Rc5 45. e5 fxe5 46. Nf8 d5 47. Nd7
e4 48. Rh3 Rcc6 49. Nxb6 Rxb6 50. Rd1 Rd6 51. Re3 Bc7 52. Re2 Kf6 53. Kb2 Ke5
54. Rde1 Bb6 55. Kc2 Bc5 56. Rg2 d4 57. g5 d3+ 58. Kd1 e3 59. gxh6 e2+ 60.
Rexe2+ dxe2+ 61. Kxe2 Rd8 62. h7 Rh8 63. Rg7 Kf4 64. Rc7 Bd4 65. c5 Kg5 66. Kd3
e5 67. c6 Bb2 68. Rd7 Kf4 69. c7 e4+ 70. Ke2 Rc8 71. h6 Kg5 72. Rd8 Rxc7 73.
h8=Q Bxh8 74. Rxh8 Kg6 75. Ra8 Rc6 76. Ke3 Re6 77. Rd8 Kxh6 78. Rd5 Kg6 79. Rxa5
Kf7 80. Rf5+ Kg6 81. Rf4 Rb6 82. Kxe4 Rxb3 83. Kd5 a5 84. Kc5 Kg5 85. Rd4 Kf6
86. Rd6+ Ke5 87. Ra6 Rd3 88. Rxa5 Rd5+ 89. Kb6 1-0

[Event "40th Olympiad Women"]
[Site "Istanbul TUR"]
[Date "2012.09.07"]
[Round "10.62"]
[Board "3"]
[White "Debowska, Teresa"]
[Black "Stojanovic, Marija R"]
[Result "1/2-1/2"]
[WhiteTitle "FM"]
[BlackTitle "WFM"]
[WhiteElo "1837"]
[BlackElo "2097"]
[WhiteTeam "IBCA"]
[BlackTeam "Montenegro"]
[WhiteFideId "1120816"]
[BlackFideId "931411"]
[EventDate "2012.08.28"]

1. e4 c5 2. c3 d5 3. exd5 Qxd5 4. d4 e6 5. Nf3 Nf6 6. Be3 cxd4 7. cxd4 Nc6 8.
Nc3 Qd8 9. Bd3 Be7 10. a3 O-O 11. O-O b6 12. Qe2 Bb7 13. Rad1 Rc8 14. Rfe1 Na5
15. Bg5 Bxf3 16. Qxf3 h6 17. Bh4 Nc4 18. Qe2 Nd6 19. Bb1 Re8 20. Qd3 Nf5 21.
Bxf6 Bxf6 22. d5 g6 23. Qh3 Bxc3 24. bxc3 Qf6 25. dxe6 Rxc3 26. exf7+ Kxf7 27.
Ba2+ Kf8 28. Rxe8+ Kxe8 29. Qg4 Qc6 30. Bd5 Qf6 31. Re1+ Kf8 32. Qb4+ Rc5 33.
Qe4 Ne7 34. Be6 Kg7 35. Ba2 Rc7 36. h3 h5 37. Qd3 Nf5 38. Qd5 Re7 39. Qg8+ Kh6
40. Rxe7 Nxe7 41. Qb3 Nf5 1/2-1/2

[Event "40th Olympiad Women"]
[Site "Istanbul TUR"]
[Date "2012.09.07"]
[Round "10.62"]
[Board "4"]
[White "Bacic, Kristina"]
[Black "Benkunskiene, Violeta"]
[Result "1-0"]
[WhiteElo "1801"]
[BlackElo "1643"]
[WhiteTeam "Montenegro"]
[BlackTeam "IBCA"]
[WhiteFideId "16500245"]
[BlackFideId "12804991"]
[EventDate "2012.08.28"]

1. d4 d5 2. Nf3 Nf6 3. Bg5 Bf5 4. e3 e6 5. Bd3 Bxd3 6. Qxd3 Be7 7. Nbd2 O-O 8.
Ne5 Nbd7 9. f4 Nxe5 10. fxe5 Nd7 11. Bxe7 Qxe7 12. O-O c5 13. c3 Rac8 14. Rf3 f6
15. Rh3 g6 16. exf6 Nxf6 17. Nf3 Ne4 18. Rf1 c4 19. Qe2 Rf7 20. Ne5 Rxf1+ 21.
Qxf1 Rf8 22. Rf3 Rf5 23. Rxf5 exf5 24. Qf4 a6 25. g3 Kg7 26. Kg2 Kg8 27. h3 Kg7
28. Nf3 h6 29. g4 fxg4 30. hxg4 Qd6 31. Ne5 Qe7 32. Kf3 Qf6 33. a3 b5 34. Qxf6+
Kxf6 35. Nd7+ Ke7 36. Nb8 Nd6 37. Nxa6 Ke6 38. Nc7+ Kf7 39. Nxd5 Ke6 40. Nf4+
Kf6 41. e4 Nc8 42. e5+ Kg7 43. Ne6+ Kf7 44. Nc7 Na7 45. Ke4 Ke7 46. Nd5+ Kf7 47.
Nf4 Nc6 48. Kd5 Nd8 49. Kd6 g5 50. e6+ Ke8 51. Nh5 Nb7+ 52. Kc7 Nd8 53. d5 1-0

[Event "40th Olympiad Women"]
[Site "Istanbul TUR"]
[Date "2012.09.09"]
[Round "11.1"]
[Board "1"]
[White "Kosintseva, Tatiana"]
[Black "Nakhbayeva, Guliskhan"]
[Result "1-0"]
[WhiteTitle "GM"]
[BlackTitle "WIM"]
[WhiteElo "2530"]
[BlackElo "2291"]
[WhiteTeam "Russia"]
[BlackTeam "Kazakhstan"]
[WhiteFideId "4133471"]
[BlackFideId "13704788"]
[EventDate "2012.08.28"]

1. e4 e6 2. d4 d5 3. Nc3 Nf6 4. e5 Nfd7 5. f4 c5 6. Nf3 a6 7. Be3 Qb6 8. Rb1 Nc6
9. Qd2 Qa7 10. Ne2 b5 11. c3 f5 12. h3 cxd4 13. Nexd4 Nxd4 14. cxd4 Be7 15. g4
O-O 16. gxf5 exf5 17. h4 Nb6 18. b3 Be6 19. Bd3 Rac8 20. h5 Kh8 21. Kf2 b4 22.
Nh4 Bxh4+ 23. Rxh4 a5 24. Rhh1 Qe7 25. Kg2 Rg8 26. Bf2 g5 27. hxg6 Rxg6+ 28. Kf1
Nd7 29. Rc1 Rcg8 30. Rc7 Qd8 31. Rc6 Nf8 32. Qc2 Qe8 33. Rc7 Qb8 34. Bh4 Nd7 35.
Qc6 h6 36. Rxd7 Bxd7 37. Bf6+ 1-0

[Event "40th Olympiad Women"]
[Site "Istanbul TUR"]
[Date "2012.09.09"]
[Round "11.1"]
[Board "2"]
[White "Dauletova, Gulmira"]
[Black "Gunina, Valentina"]
[Result "0-1"]
[WhiteTitle "WIM"]
[BlackTitle "IM"]
[WhiteElo "2267"]
[BlackElo "2507"]
[WhiteTeam "Kazakhstan"]
[BlackTeam "Russia"]
[WhiteFideId "13702971"]
[BlackFideId "4167570"]
[EventDate "2012.08.28"]

1. e4 d5 2. exd5 Qxd5 3. Nc3 Qa5 4. Bc4 Nf6 5. Nge2 Bg4 6. h3 Bh5 7. d3 e6 8.
Be3 c6 9. O-O Be7 10. Qe1 Qc7 11. Bf4 Bd6 12. Bxd6 Qxd6 13. Ne4 Nxe4 14. dxe4
Nd7 15. Ng3 Bg6 16. Rd1 Qc5 17. Qc3 Nf6 18. b4 Qb6 19. Qd4 O-O 20. f4 Nxe4 21.
Nxe4 Bxe4 22. Qxb6 axb6 23. Bb3 b5 24. Rd7 b6 25. Re1 Bg6 26. Re5 Rfd8 27. Rc7
Rdc8 28. Rxc8+ Rxc8 29. g4 Kf8 30. h4 h6 31. Kf2 c5 32. c3 Bb1 33. Re1 Bd3 34.
Ke3 c4 35. Bd1 Ra8 36. Be2 Bxe2 37. Rxe2 Rd8 38. Rd2 Rxd2 39. Kxd2 Ke7 40. Ke3
Kd6 41. Ke4 h5 42. gxh5 f6 43. a3 Kc6 44. Kd4 Kd7 45. Ke3 f5 46. Kd4 Kd6 47. Ke3
Kd5 48. Kf3 e5 49. Ke3 Ke6 50. Kf3 exf4 51. Kxf4 Kf6 52. Ke3 Ke5 53. Kf3 f4 54.
Kg4 Ke4 55. Kg5 f3 56. Kg6 f2 57. Kxg7 f1=Q 58. h6 Ke5 59. h7 Qf6+ 60. Kg8 Qg6+ 0-1

[Event "40th Olympiad Women"]
[Site "Istanbul TUR"]
[Date "2012.09.09"]
[Round "11.1"]
[Board "3"]
[White "Kosintseva, Nadezhda"]
[Black "Saduakassova, Dinara"]
[Result "1-0"]
[WhiteTitle "GM"]
[BlackTitle "WIM"]
[WhiteElo "2524"]
[BlackElo "2216"]
[WhiteTeam "Russia"]
[BlackTeam "Kazakhstan"]
[WhiteFideId "4134974"]
[BlackFideId "13700090"]
[EventDate "2012.08.28"]

1. e4 e5 2. Nf3 Nc6 3. Bb5 f5 4. d3 fxe4 5. dxe4 Nf6 6. O-O Bc5 7. Qd3 Nd4 8.
Nxd4 Bxd4 9. Nd2 a6 10. Ba4 Qe7 11. Nf3 Bb6 12. Nh4 g6 13. Bg5 O-O 14. Bb3+ Kh8
15. Kh1 Qg7 16. f4 d5 17. Bxf6 Rxf6 18. fxe5 Rxf1+ 19. Rxf1 Qxe5 20. exd5 Bg4
21. Qxg6 Qxh2+ 22. Kxh2 hxg6 23. Nxg6+ Kg7 24. Ne5 Bh5 25. g4 Re8 26. Rf5 Bc5
27. Kh3 Bd6 28. Nc4 Bg6 29. Nxd6 Re3+ 30. Kh4 cxd6 31. Rf2 Re1 32. Rf4 Rb1 33.
Kg5 Re1 34. Rc4 Re5+ 35. Kf4 Re7 36. Rc8 1-0

[Event "40th Olympiad Women"]
[Site "Istanbul TUR"]
[Date "2012.09.09"]
[Round "11.1"]
[Board "4"]
[White "Davletbayeva, Madina"]
[Black "Kosteniuk, Alexandra"]
[Result "0-1"]
[WhiteTitle "WIM"]
[BlackTitle "GM"]
[WhiteElo "2165"]
[BlackElo "2489"]
[WhiteTeam "Kazakhstan"]
[BlackTeam "Russia"]
[WhiteFideId "13703595"]
[BlackFideId "4128125"]
[EventDate "2012.08.28"]

1. e4 e5 2. Nf3 Nc6 3. Bb5 a6 4. Ba4 d6 5. c3 f5 6. exf5 Bxf5 7. O-O Bd3 8. Re1
Be7 9. Re3 e4 10. Ne1 Bg5 11. Rh3 Bc4 12. d3 Bxc1 13. Qxc1 exd3 14. Nxd3 Ne7 15.
Qf4 Bf7 16. Bb3 Bxb3 17. axb3 Qd7 18. b4 O-O-O 19. c4 Ng6 20. Qd2 Nd4 21. Qd1
Qe6 22. b5 axb5 23. cxb5 Qe2 24. Qa4 Qc2 25. Nc3 Qxa4 26. Rxa4 Ne6 27. f4 Rdf8
28. Rf3 Nh4 29. Re3 Kd7 30. Nd5 Nf5 31. Ree4 h5 32. g3 Re8 33. Rac4 Rc8 34. Kf2
Rhf8 35. Kg2 Ne7 36. Nxe7 Kxe7 37. Rc2 Kd7 38. Rd2 Rf6 39. Ne5+ Ke7 40. Nf3 Kf8
41. b4 Nd8 42. Ng5 Rf5 43. b6 d5 44. bxc7 Rxc7 45. Red4 Rd7 46. b5 Ke7 47. h3
Ne6 48. Re2 Rxg5 49. fxg5 Kd6 50. Rd1 Nxg5 51. h4 Ne6 52. Rf2 Kc5 53. Rc2+ Kb6
54. Rb2 d4 55. Re2 Nc5 56. Re5 g6 57. Kf3 Rd6 58. Rb1 Na4 59. Kf4 d3 60. Rd1 Nb2
61. Rd2 Nc4 62. Rd1 Nxe5 63. Kxe5 Rd8 64. Kf6 Kxb5 65. Kxg6 Rd5 66. g4 hxg4 67.
h5 Kc4 68. h6 Rd6+ 69. Kg5 g3 0-1

[Event "40th Olympiad Women"]
[Site "Istanbul TUR"]
[Date "2012.09.09"]
[Round "11.2"]
[Board "3"]
[White "Voiska, Margarita"]
[Black "Ju, Wenjun"]
[Result "1-0"]
[WhiteTitle "WGM"]
[BlackTitle "WGM"]
[WhiteElo "2281"]
[BlackElo "2528"]
[WhiteTeam "Bulgaria"]
[BlackTeam "China"]
[WhiteFideId "2900602"]
[BlackFideId "8603006"]
[EventDate "2012.08.28"]

1. d4 Nf6 2. c4 g6 3. Nc3 Bg7 4. e4 d6 5. Be2 O-O 6. Be3 Na6 7. g4 e5 8. d5 Nc5
9. Bf3 Ne8 10. b4 Na6 11. a3 f5 12. gxf5 gxf5 13. exf5 Bxf5 14. Be4 Bxe4 15.
Nxe4 Qh4 16. Ng5 h6 17. Ne6 Qe4 18. Nxf8 Qxh1 19. f3 Bxf8 20. Qe2 e4 21. O-O-O
Ng7 22. Rf1 Re8 23. f4 Nf5 24. Nh3 Qf3 25. Rxf3 exf3 26. Qd3 Rxe3 27. Qxf5 Rxa3
28. Qe6+ Kh8 29. Qe8 Kg8 30. f5 Ra1+ 31. Kb2 Rh1 32. Qe6+ Kh8 33. Qf7 Rxh2+ 34.
Kb3 Rxh3 35. Qxf8+ Kh7 36. Qe7+ Kh8 37. Qe8+ Kh7 38. Qg6+ Kh8 39. f6 f2+ 40. Kb2
Rg3 41. Qxg3 1-0

[Event "40th Olympiad Women"]
[Site "Istanbul TUR"]
[Date "2012.09.09"]
[Round "11.2"]
[Board "4"]
[White "Huang, Qian"]
[Black "Raeva, Elitsa"]
[Result "1-0"]
[WhiteTitle "WGM"]
[BlackTitle "WIM"]
[WhiteElo "2449"]
[BlackElo "2313"]
[WhiteTeam "China"]
[BlackTeam "Bulgaria"]
[WhiteFideId "8602689"]
[BlackFideId "2906660"]
[EventDate "2012.08.28"]

1. d4 Nf6 2. c4 c5 3. d5 g6 4. Nc3 Bg7 5. Nf3 d6 6. g3 O-O 7. Bg2 Na6 8. O-O Nc7
9. e4 Bg4 10. Be3 a6 11. a4 Rb8 12. a5 Nd7 13. Qc2 Bxf3 14. Bxf3 Ne5 15. Be2 Qc8
16. f4 Nd7 17. Bf2 b5 18. axb6 Rxb6 19. Ra2 Rb4 20. b3 Qb7 21. Bd1 Rb8 22. Ra3
Qc8 23. Kg2 Qf8 24. Na2 R4b7 25. Nc1 Bh8 26. Nd3 Qg7 27. e5 dxe5 28. fxe5 Nxe5
29. Nxc5 Rb6 30. Qe2 Rd6 31. Bd4 f6 32. Ne4 Rdd8 33. d6 Rxd6 34. Nxd6 exd6 35.
Qd2 Qe7 36. Ra2 Bg7 37. Re1 Ne6 38. Bf2 Kh8 39. Kg1 Ng5 40. Qc3 f5 41. Qe3 h6
42. h4 Nh3+ 43. Kg2 Nxf2 44. Rxf2 Qb7+ 45. Kh2 h5 46. Qd2 Qb6 47. Rff1 Qc5 48.
Kh3 a5 49. Qg5 Qd4 50. Rxe5 dxe5 51. Qxg6 Qd3 52. Rxf5 Qxd1 53. Rxh5+ Qxh5 54.
Qxh5+ Kg8 55. Qd1 Re8 56. Qd5+ Kf8 57. Qxa5 e4 58. Qc5+ Kf7 59. Qe3 Re6 60. g4
Bf8 61. g5 Bd6 62. Kg4 Re5 63. b4 Ke6 64. c5 Be7 65. Qb3+ Kd7 66. Kf4 1-0

[Event "40th Olympiad Women"]
[Site "Istanbul TUR"]
[Date "2012.09.09"]
[Round "11.3"]
[Board "1"]
[White "Lahno, Kateryna"]
[Black "Paehtz, Elisabeth"]
[Result "1-0"]
[WhiteTitle "GM"]
[BlackTitle "IM"]
[WhiteElo "2542"]
[BlackElo "2483"]
[WhiteTeam "Ukraine"]
[BlackTeam "Germany"]
[WhiteFideId "14109336"]
[BlackFideId "4641833"]
[EventDate "2012.08.28"]

1. d4 Nf6 2. c4 g6 3. Nc3 Bg7 4. e4 d6 5. Nf3 O-O 6. Be2 e5 7. O-O Nc6 8. d5 Ne7
9. Ne1 Nd7 10. Nd3 f5 11. f3 Nf6 12. Bd2 f4 13. Rc1 g5 14. c5 Ng6 15. Nb5 Rf7
16. Ba5 b6 17. cxb6 axb6 18. Be1 h5 19. Nb4 Ne8 20. Rc3 Nf8 21. Bf2 Nd7 22. Qc2
Nc5 23. Nc6 Qf6 24. b4 Na6 25. Ra3 g4 26. Nba7 g3 27. hxg3 fxg3 28. Bxg3 Qg5 29.
Bh2 Nb8 30. Nxb8 Rxb8 31. Nc6 Bh3 32. Rf2 Rc8 33. f4 exf4 34. Rxh3 Nf6 35. Bxf4
Qg6 36. Bd3 1-0

[Event "40th Olympiad Women"]
[Site "Istanbul TUR"]
[Date "2012.09.09"]
[Round "11.3"]
[Board "2"]
[White "Melamed, Tetyana"]
[Black "Muzychuk, Mariya"]
[Result "1/2-1/2"]
[WhiteTitle "WGM"]
[BlackTitle "IM"]
[WhiteElo "2356"]
[BlackElo "2466"]
[WhiteTeam "Germany"]
[BlackTeam "Ukraine"]
[WhiteFideId "14102145"]
[BlackFideId "14114550"]
[EventDate "2012.08.28"]

1. e4 c5 2. Nf3 e6 3. d4 cxd4 4. Nxd4 a6 5. Bd3 Bc5 6. Nb3 Ba7 7. O-O Nc6 8. Qg4
Nf6 9. Qxg7 Rg8 10. Qh6 Rg6 11. Qh4 Rg4 12. Qh6 Rg6 13. Qh4 Rg4 14. Qh6 1/2-1/2

[Event "40th Olympiad Women"]
[Site "Istanbul TUR"]
[Date "2012.09.09"]
[Round "11.3"]
[Board "4"]
[White "Michna, Marta"]
[Black "Ushenina, Anna"]
[Result "0-1"]
[WhiteTitle "WGM"]
[BlackTitle "IM"]
[WhiteElo "2380"]
[BlackElo "2433"]
[WhiteTeam "Germany"]
[BlackTeam "Ukraine"]
[WhiteFideId "1106686"]
[BlackFideId "14110911"]
[EventDate "2012.08.28"]

1. d4 d5 2. c4 e6 3. Nc3 c6 4. cxd5 exd5 5. Bf4 Bf5 6. Nf3 Nf6 7. e3 Be7 8. h3
Qb6 9. Qc1 Nbd7 10. Be2 Ne4 11. O-O O-O 12. Ne5 Nxe5 13. Bxe5 Rfe8 14. Rd1 Bd6
15. Nxe4 Bxe5 16. Nc5 Bb8 17. Bd3 Bc8 18. Qc2 g6 19. e4 dxe4 20. Bxe4 Bd6 21.
Bd3 Be6 22. Nxe6 Rxe6 23. Bc4 Re7 24. Re1 Rxe1+ 25. Rxe1 Qxd4 26. Qb3 Rf8 27.
Rd1 Qe5 28. g3 Bc5 29. Bf1 Bd4 30. Rd3 b5 31. Qc2 c5 32. b3 Qe4 33. Qd1 Re8 34.
Rf3 Rd8 35. Bd3 Qe5 36. Qc2 a6 37. a4 Qe8 38. axb5 axb5 39. Kg2 Kg7 40. h4 h5
41. Qe2 Qxe2 42. Bxe2 b4 43. Bc4 f6 44. Rd3 g5 45. hxg5 fxg5 46. Rf3 Ra8 47.
Rf7+ Kg6 48. Re7 Ra2 49. Re2 Ra1 50. Re6+ Kf5 51. Re2 Be5 52. Bd3+ Kf6 53. Rc2
Bc3 54. Re2 Rd1 55. Bb5 Be5 56. Rc2 Bd4 57. Bc4 h4 58. gxh4 gxh4 59. Re2 Rc1 60.
Bd5 Rc3 61. f3 Be5 62. Rd2 Bf4 63. Re2 Be3 64. Kh3 Ke5 65. Bf7 Kf4 66. Kxh4 Kxf3
67. Ra2 Rd3 68. Ra6 Rd8 69. Rf6+ Ke4 70. Kg4 Bd4 71. Bg6+ Ke3 72. Rf3+ Ke2 73.
Bf7 Be3 74. Bc4+ Kd2 75. Kf5 Rd4 76. Be6 Ke2 77. Rh3 Kd3 78. Ke5 Kd2 79. Rf3 Bh6
80. Rh3 Bg7+ 81. Kf5 Rd6 82. Rh7 Bd4 83. Rh2+ Kc3 84. Rh3+ Kb2 85. Rh2+ Ka3 86.
Bc4 Bc3 87. Rh7 Rd4 88. Ra7+ Kb2 89. Rc7 Rxc4 90. bxc4 Bd4 91. Ke4 Kc3 92. Rh7
b3 93. Rh1 b2 94. Rh3+ Kxc4 95. Rh1 Kc3 96. Rh3+ Kc2 97. Rh2+ Kb3 0-1